000 00663nam a2200193Ia 4500
003 IN-BaIIA
008 211028s9999 xx 000 0 eng d
020 _a978-981-283-619-9
040 _cIIA Library
080 _a55(082.1)
_bADV
245 0 _aAdvances in geosciences
_bvol. 14, solar terrestrial(ST)
_cedited by Marc Duldig
260 _aNew Jersey
_bWorld Scientific
_c2009
300 _axi, 319p.
650 _aAtmospheric chemistry - congresses
_933232
650 _aEarth magnetosphere - congresses
_933233
650 _aSolar terrestrial - congresses
_933234
700 _aDuldig, Marc ., ed.
_933235
942 _cBK
999 _c17578
_d17578